000 00666pam a2200241 a 4500
001 2910907
005 20180104081904.0
008 880722s1990 paua b 001 0 eng c
010 _a 88023827
020 _a0721622291
040 _aDNLM/DLC
_cDLC
_dDLC
041 _aeng
060 _aWS 100 T3553
080 _a618.92
082 0 0 _a618.92 NEL
_219
100 _a8
101 _aPED
245 0 0 _aNelson essentials of pediatrics /
_c[edited by] Richard E. Behrman, Robert Kliegman.
504 _aIncludes bibliographical references.
740 0 _aEssentials of pediatrics.
906 _a7
_bcbc
_corignew
_d1
_eocip
_f19
_gy-gencatlg
942 _2ddc
_cBK
999 _c39751
_d39751